1473 1715 1083 1262 1051 1029 1162 1828 1771 1937 1400 1756 1423 1915 1517 1764 1797 1200 1216 1796 1285 1137 1680 1748 1229 1699 1527 1248 1392 1743 1573 1900 1986 1251 1561 1470 1872 1293 1572 1002 1724 1430 1156 1201 1840 1457 1450 1784 1456 1637 1081 1864 1714 1505 1196 1085 1209 1172 1193 1914 1318 1446 1728 1204 1264 1200 1949 1299 1220 1948 1312 1337 1549 1887 1884 1775 1170 1970 1451 1081 1014 1062 1346 1625 1165 1983 1605 1999 1829 1896 1685 1914 1893 1754 1056 1060 1117 1034 1483 BCNSPRNW ULIB Ver.6.0+V

เปลี่ยนเป็นภาษาไทย

Change to English
 แสดงรายละเอียดบรรณานุกรม
  กลับหน้าหลัก

Brief Record : Get Marc (ISO 2709) : E-mail record : QR code < ปิดหน้าต่าง
LEADER : 00000nam 2200000uu 4500
001    13399121092
003     ULIB
008    110627s1999||||th 000 0 eng d
020    0439064864
090    นว.^bR884H ล.4
100 0  Rowling J.K.
245 00 Harry potter and the Chamber of Secrets/^cRowling J.K.
250    พิมพ์ครั้งที่ 1
260    New York :^bA.A. Levine Books,^c1999
300    341 หน้า
710 1  A.A. Levine Books
945    ^p0^l0^i021841
995    ทศพร
999 ^a ใช้งานได้ทุกระบบ
รายการนี้ยังไม่มีแท็ก
คุณยังไม่ได้ล็อกอิน คุณสามารถมีกิจกรรมร่วมกับเว็บไซต์ได้ แต่ต้องล็อกอินก่อน ::
  ล็อกอิน

รายการสื่อสารสนเทศ

ลำดับที่ ประเภท เลขเรียก/บาร์โค้ด สถานที่ สถานะ
1. วิทยาศาสตร์การแพทย์ และสุขภาพ
วิทยาศาสตร์การแพทย์ และสุขภาพ
นว. R884H ล.4 C.1 
  Barcode: 021841
ห้องสมุดวิทยาเขตสวรรค์ประชารักษ์
►หนังสือทั่วไป
บนชั้น

รายการใกล้เคียง
    ผู้แต่ง [Rowling J.K.]

BibComment


ยังไม่เคยถูกคอมเมนท์

คอมเมนท์ทรัพยากรรายการนี้
  คอมเมนท์: Harry potter and ..


 Copyright 2026. Bcnsprnw @Library